000 00569nam a2200181Ia 4500
005 20250508151659.0
008 008 250505s9999 xx 000 0 eng d
037 _aTextual
040 _aFEDL
_beng
_cFEDL
041 _aeng
_2eng
084 _a374, SNO
_qFEDL
100 _aSnow Rober H
_9759731
245 0 _aCommunity adult education: Methods of organizing and maintaining learning opportunities for men and women
260 _aNew York, USA
_bG P Putnam's Sons
_c1955
300 _aix,170p.
942 _cTEXL
_h374, SNO
999 _c1331402
_d1331402